Dendam sang harimau

Bibliographic Details
Main Author: Aslawati Bakar
Format: Book
Published: Kuala Lumpur : Jurus Prinsip Sdn.Bhd , 2008
Series:Siri bacaan warisan
Subjects:

MARC

LEADER 00000cam a2200000 7i4500
001 0000029472
005 20151222.0
008 100611
020 |a 9833969449 
090 0 0 |a JF   |b MAL 
100 0 |a Aslawati Bakar 
245 1 0 |a Dendam sang harimau   |c Aslawati Bakar 
260 |a Kuala Lumpur :   |b Jurus Prinsip Sdn.Bhd ,   |c 2008 
440 |a Siri bacaan warisan 
500 |a Children ages 7-9 years old (orange) 
650 0 |a Malay language   |x Readers   |v Fiction 
999 |a 0001071501   |b Book   |c Children Collection   |e Perbadanan Perpustakaan Awam Johor 
999 |a 0001071737   |b Book   |c Children Collection   |e Cawangan Taman Universiti